ბათუმის შოთა რუსთაველის სახელმწიფო უნივერსიტეტის ბიბლიოთეკა

Language disorders from infancy through adolescence : (ბიბ.ჩანაწერი № 56847)

000 -LEADER
fixed length control field 01005cam a2200241 a 4500
001 - CONTROL NUMBER
control field 17296004
005 - DATE AND TIME OF LATEST TRANSACTION
control field 20221107123833.0
008 - FIXED-LENGTH DATA ELEMENTS--GENERAL INFORMATION
fixed length control field 120511s2012 moua b 001 0 eng
010 ## - LIBRARY OF CONGRESS CONTROL NUMBER
LC control number 2012419165
020 ## - INTERNATIONAL STANDARD BOOK NUMBER
International Standard Book Number 9780323071840 X
042 ## - AUTHENTICATION CODE
Authentication code pcc
082 00 - DEWEY DECIMAL CLASSIFICATION NUMBER
Classification number 616.85
Edition number 23
100 1# - MAIN ENTRY--PERSONAL NAME
Personal name Paul, Rhea.
9 (RLIN) 1059
245 10 - TITLE STATEMENT
Title Language disorders from infancy through adolescence :
Remainder of title listening, speaking, reading, writing, and communicating /
Statement of responsibility, etc. Rhea Paul, Courtenay Norbury.
250 ## - EDITION STATEMENT
Edition statement 4th ed.
260 ## - PUBLICATION, DISTRIBUTION, ETC.
Place of publication, distribution, etc. St. Louis, Mo. :
Name of publisher, distributor, etc. Elsevier,
Date of publication, distribution, etc. c2012.
300 ## - PHYSICAL DESCRIPTION
Extent xxi, 756 p. :
Other physical details ill. ;
Dimensions 29 cm.
650 #0 - SUBJECT ADDED ENTRY--TOPICAL TERM
Topical term or geographic name entry element Language disorders in children.
9 (RLIN) 1049
653 ## - INDEX TERM--UNCONTROLLED
keyword ენობრივი დარღვევები ბავშვობიდან მოზარდებში: მოსმენა, საუბარი, კითხვა, წერა და კომუნიკაცია
653 ## - INDEX TERM--UNCONTROLLED
keyword მედიცინა
700 1# - ADDED ENTRY--PERSONAL NAME
Personal name Norbury, Courtenay.
9 (RLIN) 1061
942 ## - ADDED ENTRY ELEMENTS (KOHA)
Source of classification or shelving scheme
Koha item type წიგნი
ეგზემპლარები
Withdrawn status Lost status Source of classification or shelving scheme Damaged status Not for loan Permanent Location Current Location Shelving location Date acquired Cost, normal purchase price Full call number Barcode Date last seen Price effective from Koha item type Public note
          ბათუმის შოთა რუსთაველის სახელმწიფო უნივერსიტეტის მთავარი ბიბლიოთეკა ბათუმის შოთა რუსთაველის სახელმწიფო უნივერსიტეტის მთავარი ბიბლიოთეკა წიგნსაცავი 2019-05-13 294.00 59675 59675 2019-05-13 2019-05-13 წიგნი 294 gel.
          ბათუმის შოთა რუსთაველის სახელმწიფო უნივერსიტეტის მთავარი ბიბლიოთეკა ბათუმის შოთა რუსთაველის სახელმწიფო უნივერსიტეტის მთავარი ბიბლიოთეკა წიგნსაცავი 2019-05-13 294.00 59676 59676 2019-05-13 2019-05-13 წიგნი 294 gel.
          ბათუმის შოთა რუსთაველის სახელმწიფო უნივერსიტეტის მთავარი ბიბლიოთეკა ბათუმის შოთა რუსთაველის სახელმწიფო უნივერსიტეტის მთავარი ბიბლიოთეკა წიგნსაცავი 2019-05-13 294.00 59677 59677 2019-05-13 2019-05-13 წიგნი 294 gel.
          ბათუმის შოთა რუსთაველის სახელმწიფო უნივერსიტეტის მთავარი ბიბლიოთეკა ბათუმის შოთა რუსთაველის სახელმწიფო უნივერსიტეტის მთავარი ბიბლიოთეკა წიგნსაცავი 2019-05-13 294.00 59678 59678 2019-05-13 2019-05-13 წიგნი 294 gel.
          ბათუმის შოთა რუსთაველის სახელმწიფო უნივერსიტეტის მთავარი ბიბლიოთეკა ბათუმის შოთა რუსთაველის სახელმწიფო უნივერსიტეტის მთავარი ბიბლიოთეკა წიგნსაცავი 2019-05-13 294.00 59679 59679 2019-05-13 2019-05-13 წიგნი 294 gel.